| 000 | 00549nam a2200217 a 4500 | ||
|---|---|---|---|
| 999 |
_c4801 _d4801 |
||
| 001 | 4801 | ||
| 003 | BD-JhCC | ||
| 005 | 20171209163822.0 | ||
| 008 | 171203s1971 ii |||| ||a| 001 0 eng d | ||
| 035 | _a(BD-JhCC)4801 | ||
| 040 |
_aBD-JhCC _dBD-JhCC |
||
| 041 | _aeng | ||
| 082 |
_a327.540549 _bKAU 1971 |
||
| 100 | _aKAUL, B. M | ||
| 245 |
_aConfrontation with Pakistan / _cB. M KAUL |
||
| 260 |
_aDelhi : _bVikas Publications, _c1971. |
||
| 300 |
_a338 p. : _c22 cm. |
||
| 650 | _aIndia-Pakistan Conflict | ||
| 942 |
_2ddc _cBK |
||